Statistics for Animals on Film or TV ~ Picture Quiz

Click here to take the quiz!

General Stats

  • This quiz has been taken 74 times
  • The average score is 7 of 15

Answer Stats

Answer% Correct
Toto
85%
King Kong
79%
Flipper
78%
Lassie
76%
Skippy
58%
Willy
58%
Mister Ed
54%
Hooch
43%
Hedwig
42%
Silver
42%
Punxsutawney Phil
37%
Ben
36%
Rin Tin Tin
25%
Champion
18%
Frank
12%

Score Distribution

Percentile by Number Answered

Percent of People with Each Score

Your Score History

You have not taken this quiz